00800nam a2200241 a 450000100060000000300080000600500170001400800410003102000150007203500190008704000270010604100080013308200180014124501210015926000360028030000240031650000560034050400200039665000200041665100470043670000460048370000290052926675BD-RjUL20211209051042.0140323t1970 enk b 101 0 eng d a0049540130 a(BD-RjUL)26745 aDLCbengcDLCdBD-RjUL aeng04a954bPAR 197004aThe partition of India :bpolicies and perspectives, 1935-1947 /cedited by C.H. Philips and Mary Doreen Wainwright. aLondon :bAllen & Unwin,c1970. a3 -607 p. ;c25 cm. aProceedings of a conference held in London in 1967. aincludes index. 0aMuslimszIndia. 0aIndiaxPolitics and governmenty1919-1947.1 aPhilips, C. H.q(Cyril Henry),d1912-20051 aWainwright, Mary Doreen.